CITIZEN SOLDIERS THE U.S.ARMY FROM THE NORMANDY BEACHES TO THE BULGE TO THE SURRENDER OF GERMANY / (Record no. 615596)

000 -LEADER
fixed length control field 00423nam a22001337a 4500
020 ## - INTERNATIONAL STANDARD BOOK NUMBER
Qualifying information PB.
040 ## - CATALOGING SOURCE
Transcribing agency FIZZA ISHAQ
082 ## - DEWEY DECIMAL CLASSIFICATION NUMBER
Classification number 940.5421
Author Mark STE
100 ## - MAIN ENTRY--PERSONAL NAME
Personal name AMBROSE,E.STEPHEN.
9 (RLIN) 132255
245 ## - TITLE STATEMENT
Title CITIZEN SOLDIERS THE U.S.ARMY FROM THE NORMANDY BEACHES TO THE BULGE TO THE SURRENDER OF GERMANY /
Statement of responsibility, etc. STEPHEN E.AMBROSE.
260 ## - PUBLICATION, DISTRIBUTION, ETC.
Place of publication, distribution, etc. NEW YORK;
Name of publisher, distributor, etc. SIMON & SCHUSTER,
Date of publication, distribution, etc. 1997.
300 ## - PHYSICAL DESCRIPTION
Extent 528 P. ;
Dimensions 9.1X6IN
942 ## - ADDED ENTRY ELEMENTS (KOHA)
Source of classification or shelving scheme
Koha item type Book
Holdings
Withdrawn status Lost status Source of classification or shelving scheme Damaged status Not for loan Permanent Location Current Location Shelving location Date acquired Total Checkouts Full call number Barcode Date last seen Price effective from Koha item type
          NUST Baluchistan Campus (NBC) NUST Baluchistan Campus (NBC) Reference 12/17/2025   940.5421 STE QD-887 12/17/2025 12/17/2025 Book
© 2023 Central Library, National University of Sciences and Technology. All Rights Reserved.